Diurnal Birds of Prey of North America - Statistics

General Stats
  • This quiz has been taken 21 times
  • The average score is 19 of 33
Answer Stats
Picture Answer % Correct
Bald Eagle
100%
Turkey Vulture
100%
Golden Eagle
94%
Cooper's Hawk
88%
Black Vulture
81%
California Condor
81%
Osprey
81%
Red-Shouldered Hawk
75%
Sharp-Shinned Hawk
75%
Red-Tailed Hawk
69%
Crested Caracara
63%
Mississippi Kite
63%
Northern Harrier
63%
Snail Kite
63%
Peregrine Falcon
56%
Rough-Legged Hawk
56%
American Kestrel
50%
Harris's Hawk
50%
Merlin
50%
Swallow-Tailed Kite
50%
American Goshawk
44%
Broad-Winged Hawk
44%
Ferruginous Hawk
44%
Hook-Billed Kite
44%
Gray Hawk
38%
Gyrfalcon
38%
White-Tailed Kite
38%
Zone-Tailed Hawk
38%
Common Black-Hawk
31%
Prairie Falcon
31%
Short-Tailed Hawk
31%
Swainson's Hawk
25%
White-Tailed Hawk
19%
No matching quizzes found
Score Distribution
Percent of People with Each Score
Percentile by Number Answered
Your Score History
You have not taken this quiz